Datum a čas kvízu
25.5
Celkem bodů
Celkový počet nahraných bodů na tomto kvízu bez doplňovacích otázek.
3.
Pořadí na kvízu
Konečné umístění týmu na tomto kvízu.
Zaznamenané odpovědi
| # | Otázka | Odpověď | Body | Výsledky |
|---|---|---|---|---|
| 1. | Uplynulý týden se poměrně dost... | Odstranil graffiti z Karlova mostu. | 1 | |
| 2. | V pátek skončilo 24. světové s... | jamboree | 0 | |
| 3. | Odvolací pražský městský soud... | Muriel a andělé | 0 | |
| 4. | V Kolumbii byla o víkendu spuš... | Coffee | 0 | |
| 5. | Na brněnském Masarykově okruhu... | na 9. místě | 0 | |
| 6. | V tomto tématu se vydáme do sv... | C | 1 | |
| 7. | Odběr krevní plazmy se nazývá: | B | 0 | |
| 8. | Pot vzniká ze dvou druhů žláz.... | kolem bradavek | 1 | |
| 9. | Při rozlišování krevních skupi... | makak | 1 | |
| 10. | Původ Mléčné dráhy se váže k b... | Herkules | 0 |